000 00735nam a22002177a 4500
003 UA-OsUOA
001 81906
007 ta
008 20120209b un ||||| |||| 00| 0 ukr d
100 _aЩербина О.І.
090 _a330(477)
_bЩ64
942 _cSA
040 _aUA-OsUOA
_bukr
_cUA-OsUOA
_dUA-OsUOA
245 _aІсторичні передумови виникнення міжнародних фінансових організацій та етапи їх співробітництва з Україною
300 _aС.76-82
955 _a0
041 _aukr
080 _a330(477)
773 0 _w81893
_tСтатистика України
_dК.
_d2011
_g4
650 7 _a330 Економіка взагалі
_2UDC
999 _c368217
_d368217